| 000 | 00941nam a2200265Ia 4500 | ||
|---|---|---|---|
| 003 | OSt | ||
| 005 | 20221005111832.0 | ||
| 006 | a|||||r|||| 00| 0 | ||
| 007 | ta | ||
| 008 | 221004b |||||||| |||| 00| 0 hin d | ||
| 024 | _a32020 | ||
| 037 | _cTextual | ||
| 040 |
_aCRL _cCRL _bhin |
||
| 041 |
_2hin _ahin |
||
| 082 | _aO152,3:g, K5 | ||
| 100 |
_aटंडन, प्रतापनारायण _9157681 |
||
| 245 | 0 | _aहिन्दी उपन्यास कला | |
| 246 | _aHindī upanyās kalā | ||
| 260 |
_aलखनऊ _bहिन्दी समिति सूचना विभाग भारत _c1965 |
||
| 300 |
_a373पृ. _ccm. |
||
| 490 | _aहिन्दी समिति ग्रंथमाला; 110 | ||
| 650 | _aहिन्दी कहानी | ||
| 942 |
_hO152,3:g, K5 _cTEXL _2cc |
||
| 999 |
_c1023055 _d1023055 |
||